| 000 | 00451nam a22001457a 4500 | ||
|---|---|---|---|
| 005 | 20240316113112.0 | ||
| 008 | 240316b ||||| |||| 00| 0 eng d | ||
| 040 | _cAL | ||
| 041 | _aeng | ||
| 082 |
_223 _a658.3 _bSTUD |
||
| 245 |
_aStudy of Absenteeism in Raidco: _bThe Regional Agro Industrial Development Co Operative of Kerala Ltd |
||
| 260 |
_aMangalore _bSt Aloysius College _c2003 |
||
| 700 |
_aSOORAJ (Raju Chindan) _9154867 |
||
| 942 |
_2ddc _cPRO |
||
| 999 |
_c230451 _d230451 |
||